Stati per numero di Elicottero d'attacco - Statistics

Statistiche generali
  • Questo quiz è stato fatto 7 volte
  • Il punteggio medio è 9 su 10
Statistiche sulle risposte
Numero di elicotteri d'attacco Continente Nazione % Corretto
278 Asia Cina
100%
99 Africa Egitto
100%
67 Europa Francia
100%
101 Asia Giappone
100%
404 Asia / Europa Russia
100%
867 America del Nord Stati Uniti
100%
96 Asia Corea del Sud
86%
97 Asia Pakistan
86%
95 Asia / Europa Turchia
86%
56 Africa Angola
57%
Nessun quiz corrispondente trovato
Distribuzione punteggi
Percentuale di utenti per punteggio
Percentile per numero di risposta
I tuoi punteggi nel tempo
Non hai fatto questo quiz